| 000 | 00447nam a22000857a 4500 | ||
|---|---|---|---|
| 008 | 180312b xxu||||| |||| 00| 0 eng d | ||
| 100 |
_9Niederrhein, Germany _aH.R. Pfau _b[1969-74?} |
||
| 245 |
_aAstrophilatelie: Handbuch fur den Weltraumsammler _bAstrophilatly; Handbook for space exploration collectors |
||
| 650 | _a| Topical Collecting -- Rockets and Space | Topical Collecting -- Astronomy | Catalogs and Price Lists | Postal Markings | Postal Stationery | ||
| 999 |
_c2670 _d2670 |
||